guess the Eminem song. - Statistics

General Stats
  • This quiz has been taken 78 times
    65 since last reset
  • The average score is 5 of 20
Answer Stats
Hint Answer % Correct
He opens his mouth but the words won't come out, he's chokin' now... Lose Yourself
94%
But baby we're in Sweden. How did you get to Sweden? When I'm Gone
48%
I wanted the fame but not the cover of Newsweek, oh well. The Monster
43%
Shove a gerbil in your a** through a tube, shove a gerbil in your a** through a tube. FACK
39%
These idea's are nightmares to white parents. Sing For The Moment
39%
So fuck the world, feed it beans. Not Afraid
30%
I take seven kids from Columbine, put 'em all in a line. add an AK-47 a revolver and nine. I'm Back
28%
Like my mother always told me... WHenaWhenaWhenaWhenaWhenaWheana!!!! My Dad's Gone Crazy
26%
I'm giving nightmares to Billie Eilish, I'm Diddy's side b***h. Alfred's Theme
20%
Meanwhile I'm just standin' there holdin' my tongue trying to talhk like dis. Beautiful
20%
For every time you tipped my tray it done dropped and spilt! Brain Damage
20%
I don't mean any harm I'm just partyin'. I'm not your dad, not your dad, not your guardian. Stimulate
20%
Take some inventory, in this gorge, is a Ford engine, door hinge, syringe, an orange, an extension cord and a ninja sword! Brainless
17%
Smell fromunda cheese from under my nuts. Crack A Bottle
17%
I'm at the crib playing Fortnite with yo grandma. Tone Deaf
17%
F**k around and throw a baby at another baby! Elevator
13%
I'm lookin at tight rear like a sightseer. Your booty is heavy duty, like diarrhea. Remind Me
13%
Went to gym in 8th grade, r**ed the women's swim team. Just Don't Give A F**k
9%
Did you hear me? I said I'll pop a squat on you. Start spillin' my guts like Chicken Cordon Bleu! S**t On You
4%
Crushed up the Tylenol and ate it with a Dip Stick. C*m On Everybody
2%
No matching quizzes found
Score Distribution
Percent of People with Each Score
Percentile by Number Answered
Your Score History
You have not taken this quiz since the last reset